Quizzes
Events
Quiz Creation
Community
Videos
Private Events
Remove Ads
Sign In
Join for FREE
Feedback
Dark Mode
Quiz Categories
Sports
Geography
Music
Movies
Television
Just For Fun
Miscellaneous
History
Literature
Language
Science
Gaming
Entertainment
Religion
Holiday
For Kids
Quiz Lab
Recent
Popular Today
Quiz Kudos Today
Editor Picks
Curator Picks
Quizzes by...
Day
Popularity
Type
Ratings
Length
Year
Community
Subscriptions
Recent Discussions
Orange Saloon
Badges
Playlists
Quests
Create
Leaderboards
Showdown
Live 5
Trivia Bingo
Activity
Puzzle Library
Sporcle Events
Private Events
Virtual Trivia
Globe League
Become a Host
Pub Owners
SporcleCon
Opinionation
Our Games
Videos
Blog
Mobile Apps
Partnerships
Remove Ads and Go Orange
Feedback
Sports
Athletes
MLB
NBA
NHL
NFL
Soccer
Sports Teams
WWE
NCAA
Football
Premier League
Basketball
Baseball
Hockey
Golf
Tennis
Cricket
Rugby
Auto Racing
Olympics
World Cup
Sports
Athletes
MLB
NBA
NHL
NFL
Soccer
Sports Teams
WWE
NCAA
Football
Premier League
Basketball
Baseball
Hockey
Golf
Tennis
Cricket
Rugby
Auto Racing
Olympics
World Cup
Random Quiz
Search Sporcle
×
Quiz Lab
Quiz Lab
Sports
Triple Crown
Type in answers that appear in a list
Type in answers that appear in a list
Classic
Best Score? Go Orange.
Preakness Stakes Winners Stats
Can you name the Preakness Stakes Winners?
By
streaks25
8m
152 Questions
195 Plays
195 Plays
195 Plays
Comments
Comments
Give Quiz Kudos
Give Quiz Kudos
-
- Ratings
hide this ad
More Info
Replay
Link that replays current quiz
Next Quiz
Link to next quiz in quiz playlist
You Got
0%
They Got
Avg Score
59%
Avg Friend Score
Upgrade to see
Score Distribution
Jump to the score distribution portion of the page
Score
0/152
Timer
08:00
0
Plays Today
Year-Jockey
Horse
% Correct
2018-
Mike Smith
Justify
100%
2015-
Victor Espinoza*
American Pharoah
96.4%
1997-
Gary Stevens
Silver Charm
93.3%
1998-
Kent Desormeaux
Reall Quiet
93.3%
2014-
Victor Espinoza
California Chrome
92.3%
1919-
Johnny Loftus*
Sir Barton
91.8%
1973-
Ron Turcotte*
Secretariat
91.8%
1977-
Jean Crugent*
Seattle Slew
91.8%
2003-
Jose Santos
Funny Cide
91.8%
1943-
Johnny Longden*
Count Fleet
90.8%
1978-
Steve Cauthen*
Affirmed
90.8%
2004-
Stewart Elliott
Smarty Jones
90.8%
1948-
Eddie Arcaro*
Citation
90.3%
2012-
Mario Gutierrez
I'll Have Another
90.3%
1999-
Chris Antley
Charismatic
89.7%
2005-
Jeremy Rose
Afleet Alex
89.7%
2008-
Kent Desormeaux
Big Brown
89.7%
2009-
Calvin Borel
Rachel Alexandra
89.7%
1935-
Willie Saunders*
Omaha
88.7%
1937-
Charley Kurtsinger*
War Admiral
88.7%
1941-
Eddie Arcaro*
Whirlaway
88.2%
2002-
Victor Espinoza
War Emblem
87.7%
1930-
Earl Sande*
Gallant Fox
87.2%
1946-
Warren Mehrtens*
Assault
87.2%
1979-
Ronnie Franklin
Spectacular Bid
86.7%
1989-
Pat Valenzuela
Sunday Silence
85.6%
1951-
Eddie Arcaro
Bold
85.1%
1920-
Clarence Kummer
Man o' War
84.6%
2007-
Robby Albarado
Curlin
82.1%
1957-
Eddie Arcaro
Bold Ruler
81.5%
1964-
Bill Hartack
Northern Dancer
79.5%
1987-
Chris McCarron
Alysheba
79.5%
2016-
Kent Desormeaux
Exaggerator
76.1%
1971-
Gustavo Avila
Canonero II
75.9%
1972-
Eldon Nelson
Bee Bee Bee
75.9%
2006-
Javier Castellano
Bernardini
75.9%
2011-
Jesus Castanon
Shackleford
75.9%
2000-
Jerry Bailey
Red Bullet
75.4%
1953-
Eric Guerin
Native Dancer
74.9%
2013-
Gary Stevens
Oxbow
73.8%
2010-
Martin Garcia
Lookin At Lucky
73.3%
1969-
Bill Hartack
Majestic Prince
72.3%
1994-
Pat Day
Tabasco Cat
72.3%
1966-
Don Brumfield
Kauai King
71.8%
1991-
Jerry Bailey
Hansel
70.8%
1936-
George Woolf
Bold Venture
70.8%
1968-
Ismael Valenzuela
Forward Pass
70.3%
1955-
Eddie Arcaro
Nashua
69.7%
1981-
Jorge Velasquez
Pleasant Colony
69.7%
1873-
George Barbee
Survivor
68.2%
1988-
Ed Delahoussaye
Risen Star
67.7%
Year-Jockey
Horse
% Correct
1878-
C. Holloway
Duke of Magenta
66.7%
2020-
Robby Albarado
Swiss Skydiver
66.7%
1945-
Wayne D. Wright
Polynesian
65.6%
1967-
Bill Shoemaker
Damascus
64.6%
1995-
Pat Day
Timber Country
64.6%
1928-
Raymond Workman
Victorian
64.1%
1974-
Miguel A. Rivera
Little Current
64.1%
1975-
Darrel McHargue
Master Derby
64.1%
1874-
William Donohue
Culpepper
62.6%
1877-
C. Holloway
Cloverbrook
62.6%
1881-
Tom Costello
Saunterer
62.6%
1924-
John Merimee
Nellie Morse
62.6%
1958-
Ismael Valenzuela
Tim Tam
62.6%
1875-
Lloyd Hughes
Tom Ochiltree
62.1%
1918-
Johnny Loftus
War Cloud
62.1%
1944-
Conn McCreary
Pensive
62.1%
1880-
Lloyd Hughes
Grenada
61.5%
1882-
Tom Costello
Vanguard
61%
1970-
Eddie Belmonte
Personality
61%
1927-
Whitey Abel
Bostonian
60.5%
1976-
John Lively
Elocutionist
60%
2001-
Gary Stevens
Point Green
60%
1949-
Ted Atkinson
Capot
59.5%
1961-
Johnny Sellers
Carry Back
59%
1990-
Pat Day
Summer Squall
59%
1876-
George Barbee
Shirley
57.9%
1993-
Mike Smith
Prairie Bayou
57.9%
1879-
Lloyd Hughes
Harold
57.4%
1908-
Eddie Dugan
Royal Tourist
57.4%
1909-
Willie Doyle
Effendi
57.4%
1886-
S. Fisher
The Bard
56.9%
1902-
L. Jackson
Old England
56.9%
1952-
Conn McCreary
Blue Man
56.9%
1992-
Chris McCarron
Pine Bluff
56.9%
1891-
NO RACE
N/A
56.4%
1892-
NO RACE
N/A
56.4%
1893-
NO RACE
N/A
56.4%
1942-
Basil James
Alsab
55.9%
1895-
Fred Taral
Belmar
55.9%
1922-
Louis Morris
Pillory
55.9%
1884-
S. Fisher
Knight of Ellerslie
55.4%
1980-
Angel Cordero
Codex
55.4%
1996-
Pat Day
Louis Quatorze
55.4%
1896-
Henry Griffin
Margrave
54.9%
1885-
Jim McLaughlin
Tecumseh
54.4%
1890-
Willie Martin
Montague
54.4%
1965-
Ron Turcotte
Tom Rolfe
54.4%
1986-
Alex Solis
Snow Chief
54.4%
1921-
Frank Coltiletti
Broomspn
53.8%
1915-
Douglas Hoffman
Rhine Maiden
53.8%
1923-
Benny Marinelli
Vigil
53.3%
Year-Jockey
Horse
% Correct
1894-
Fred Taral
Assignee
52.8%
1904-
Gene Hilderbrand
Bryn Mawr
52.8%
1889-
George Anderson
Buddhist
52.3%
1925-
Clarence Kummerr
Coventry
52.3%
1905-
Willie Davis
Cairngorm
51.8%
1898-
Willie Simms
Sly Fox
51.3%
1906-
Walter Miller
Whimsical
51.3%
1963-
Bill Shoemaker
Candy Spots
50.8%
1900-
Henry Spencer
Hindus
49.7%
1982-
Jack Kaenel
Aloma's Ruler
49.7%
1883-
George Barbee
Jacobus
49.2%
1887-
William Donohue
Dunboyne
49.2%
1962-
John L. Rotz
Greek Money
49.2%
1984-
Angel Cordero
Gate Dancer
48.7%
1983-
Donald Miller Jr.
Desputed Testamony
48.2%
1901-
F. Landry
The Parader
47.7%
1910-
Roy Estep
Layminster
47.2%
1911-
Eddie Dugan
Watervale
47.2%
1932-
Eugene James
Burgoo King
46.7%
1897-
T. Thorpe
Paul Kauvar
45.6%
1916-
Linus McAtee
Damrosch
45.6%
1903-
William Gannon
Flocarline
45.1%
1888-
Fred Littlefield
Refund
44.6%
1933-
Charley Kurtsinger
Head Play
43.1%
1940-
Fred A. Smith
Bimelech
43.1%
1947-
Douglas Dodson
Faultless
43.1%
1985-
Pat Day
Tank's Prospect
43.1%
1918-
Charles Peak
Jack Hare Jr.
42.1%
1934-
Robert Jones
High Quest
41.5%
1939-
George Seabo
Challedon
41%
1929-
Louis Schaefer
Dr. Freeland
40%
1938-
Maurice Peters
Dauber
39.5%
1931-
George Ellis
Mate
37.9%
1914-
Andy Schuttinger
Holiday
36.4%
1926-
John Maiben
Display
36.4%
1913-
James Butwell
Buskin
35.9%
1960-
Bobby Ussery
Bally Ache
35.4%
1899-
Richard Clawson
Half Time
34.9%
1917-
Everett Haynes
Kalitan
34.9%
1959-
William Harmatz
Royal Orbit
34.9%
1912-
Clarence Turner
Colonel Holloway
34.4%
2017-
Javier Castellano
Cloud Computing
33.3%
2019-
Tyler Gaffalione
War of Will
33.3%
2021-
Flavien Prat
Rombauer
33.3%
2023-
John R. Velazquez
National Treasure
33.3%
1907-
George Mountain
Don Enrique
30.3%
1950-
Eddie Arcaro
Hill Prince
29.7%
1956-
Bill Hartack
Fabius
28.2%
1954-
John H. Adams
Hasty Road
24.6%
2022-
Jose Ortiz
Early Voting
0%
Quiz Playlist
Details
Report
Send in Message
Add To Playlist
More Info:
*=Triple Crown Winner
Classic:
Type in answers that appear in a list
Last Updated: Nov 17, 2023
Quiz Scoreboard
CHALLENGE
Sign Up to Join the Scoreboard
Show All
Scores
Hide
Comments
May contain spoilers
Recently Published
An Introduction to Baseball
by treessimontrees
Sports
5m
Movies - When Are They Set?
by FPL_Elf
Movies
5m
Popular People in 1961
by mucciniale
History
6m
More to Explore
Quiz From the Vault
Featured Blog Post
Where Did the Easter Bunny Come From?
hide this ad
You Might Also Like...
Tags
Triple Crown
Today's Top Quizzes in Sports
Browse Sports
hide this ad
Today's Top Quizzes in Triple Crown
Browse Triple Crown
Top Contributed Quizzes in Sports
1
Les meilleurs buteurs des matchs entre le PSG et l’OM
2
2022 World Cup Stars
3
FIFA Club World Cup Champions
4
Les entraîneurs de l'OM et du PSG au 21e siècle
5
Name the Premier League winners with different clubs
6
La finale Lions - Afrique du Sud 2021
7
Criteria MLB: Left Handed Sluggers
8
Les joueurs passés par le LOSC et le RC Lens
9
Players with Multiple 50 Home Run Seasons
10
MLB Players with Two .350 Batting Average Seasons
Explore More
Trending Topics
Marvel
Crossword
Harry Potter
NBA
Disney
Kpop
Anime
Song
WWE
NFL
The Office
Puzzle
Soccer
Pokémon
Country
hide this ad
More By:
streaks25
Quiz
Plays
Rating
Category
Featured
Created
Sports Teams by Vintage Logo
932
5.00
Sports
Apr 14, 2016
NHL 1st Overall Picks
573
3.67
Sports
Jul 2, 2015
Logo Alphabet
369
2.50
Miscellaneous
Apr 6, 2016
Family Guy Characters by picture
326
4.00
Entertainment
Feb 8, 2016
Band by Logo
297
2.20
Entertainment
Mar 26, 2016
Go to Creator's Profile
Score Distribution
Quiz Creator Spotlight
streaks25
Follow
Send a Message
Quizzes Created
-
Created Quiz Play Count
-
More By This Creator
Popular Quizzes Today
1
Find the Countries of Europe - No Outlines Minefield
2
Find the US States - No Outlines Minefield
3
The Countries of the World
4
Popular People in 1961
5
US States
6
1-10 Letter E Words III
7
Find the US States
8
One Thing in Common: World Cities II
More Sports Quizzes
MLB Career Home Run Leaders
Quiz Lab
Trending Quizzes
Risky Map Clicking: Least Populous States A-Z
1-10 Letter F Words
1-10 Letter G Words
One Thing in Common: United Kingdom
Risky Map Clicking: Next State Alphabetically
Recently Updated
Leaping Animals
pecheneg
Reality TV Shows (A-Z)
bhenderson79
Rickey Henderson's Hall of Fame Teammates
pecheneg
Champions League XIs: Arsenal
pecheneg
Quick Pick: Celebrities in WWE's Hall of Fame
aduchscher
A-Z Keypad Blitz II
pecheneg
Multiple Oscar Actors
pecheneg
Mystery Phrase Blitz: Oscar 'Best Actors'
pecheneg
F. Scott Fitzgerald Novels
LTH
Pick 3 Villains
ddd62291
Trending Topics
Anime
Kpop
Harry Potter
Crossword
Disney
Marvel
NBA
NFL
Song
Country
WWE
Pokémon
Puzzle
Soccer
The Office
Your Account Isn't Verified!
In order to create a playlist on Sporcle, you need to verify the email address you used during registration. Go to your
Sporcle Settings
to finish the process.
Report this User
Report this user for behavior that violates our
Community Guidelines
.
Details:
Send Report
Go to the Sporcle.com Mobile Site →
Comments